000 00733nam a2200217Ia 4500
003 GCL
008 140319s9999 xx 000 0 ara d
040 _aGCL /
_cGCL
082 0 4 _a395
_bم ع
100 1 _aمنى فريد
245 1 0 _aعلم الاتيكيت الاجتماعى والدبلوماسى وتطبيقاته /
_cمنى فريد
250 _aالاولى
260 _aالاردن :
_bدار اسامة للنشر والتوزيع ،
_c2006
300 _a328 ص ؛
_c24 سم
650 0 4 _aاداب السلوك
650 0 4 _aاداب الضيافة
650 0 4 _aالهدايا
650 0 4 _aاداب السلوك للنساء
650 0 4 _aاداب السلوك للدبلوماسيين
942 _2ddc
_cBK
999 _c10169
_d10169